music trivia: 1967 albums and artists - Statistics

General Stats
  • This quiz has been taken 142 times
    124 since last reset
  • The average score is 8 of 15
Answer Stats
1967 albums made by... ...these artists and groups % Correct
Mellow Yellow Donovan
76%
Happy Together The Turtles
72%
The Piper at the Gates of Dawn Pink Floyd
71%
Disraeli Gears Cream
68%
Their Satanic Majesties Request The Rolling Stones
68%
Axis: Bold as Love Jimi Hendrix
61%
Procol Harum Procol Harum
59%
I Never Loved a Man the Way I Love You Aretha Franklin
53%
John Wesley Harding Bob Dylan
50%
Incense and Peppermints Strawberry Alarm Clock
42%
Soul Men Sam & Dave
41%
Smiley Smile The Beach Boys
39%
Safe as Milk Captain Beefheart
27%
Younger Than Yesterday The Byrds
24%
Pisces, Aquarius, Capricorn & Jones Ltd. The Monkees
24%
No matching quizzes found
Score Distribution
Percent of People with Each Score
Percentile by Number Answered
Your Score History
You have not taken this quiz since the last reset